000
00297nam a22001337a 4500
008
170715b xxu||||| |||| 00| 0 eng d
020
_a
9781559348591
041
_a
eng
080
_2
4TH
_a
572
100
_a
24
101
_a
ANT
245
_a
CULTURAL ANTHROPOLOGY
_c
SCHULTZ,E.A
942
_2
udc
_c
BK
999
_c
21160
_d
21160